| 000 | 00329nam a22001337a 4500 | ||
|---|---|---|---|
| 020 | _a0 903312 16 6 | ||
| 082 | _a332.450942MON | ||
| 245 | _aMoney for exports | ||
| 260 |
_aEngland _bBemrose and sons _c1979 |
||
| 300 |
_avii,102p _bill,:25cm |
||
| 500 | _aInclude Appendix and Index | ||
| 650 | _aMoney for exports | ||
| 942 | _cBK | ||
| 999 |
_c15076 _d15076 |
||